Высшая математика для технических университетов. Ч. 1: Линейная алгебра: учебное пособие

Λεπτομέρειες βιβλιογραφικής εγγραφής
Άλλοι συγγραφείς: Задорожный В. Н. Валерий Николаевич, Зальмеж В. Ф. Владимир Феликсович, Трифонов А. Ю. Андрей Юрьевич, Шаповалов А. В. Александр Васильевич
Περίληψη:Пособие содержит теоретический материал в объёме, предусмотренном ныне действующей программой курса высшей математики для инженерно-физических и физических специальностей университетов. По каждому разделу теоретический курс дополнен индивидуальными заданиями для самостоятельного решения. Пособие предназначено для студентов физических, инженерно-физических специальностей, студентов, обучающихся в системе элитного технического образования, а также может быть полезно магистрантам и аспирантам, специализирующимся в области теоретической и математической физики.
Γλώσσα:Ρωσικά
Έκδοση: Томск, Изд-во ТПУ, 2014
Έκδοση:3-е изд., испр.
Θέματα:
Μορφή: MixedMaterials Βιβλίο
KOHA link:https://koha.lib.tpu.ru/cgi-bin/koha/opac-detail.pl?biblionumber=676668

MARC

LEADER 00000nam0a2200000 4500
001 676668
005 20250625152413.0
090 |a 676668 
100 |a 20241116d2014 m||y0rusy50 ca 
101 0 |a rus 
102 |a RU 
105 |a y j 001yy 
181 0 |a i   |b  e  
182 0 |a n 
183 0 |a nc  |2 RDAcarrier 
200 1 |a Высшая математика для технических университетов. Ч. 1: Линейная алгебра  |e учебное пособие  |f В. Н. Задорожный, В. Ф. Зальмеж, А. Ю. Трифонов, А. В. Шаповалов  |g Национальный исследовательский Томский политехнический университет ; Национальный исследовательский Томский государственный университет 
203 |a Текст  |b визуальный  |c непосредственный 
205 |a 3-е изд., испр. 
210 |a Томск  |c Изд-во ТПУ  |d 2014 
215 |a 310 с. 
283 |a volume  |2 RDAcarrier 
320 |a Список литературы: с. 309 
330 |a Пособие содержит теоретический материал в объёме, предусмотренном ныне действующей программой курса высшей математики для инженерно-физических и физических специальностей университетов. По каждому разделу теоретический курс дополнен индивидуальными заданиями для самостоятельного решения. Пособие предназначено для студентов физических, инженерно-физических специальностей, студентов, обучающихся в системе элитного технического образования, а также может быть полезно магистрантам и аспирантам, специализирующимся в области теоретической и математической физики. 
606 1 |a Линейная алгебра  |9 60039 
610 1 |a матрицы 
610 1 |a линейные уравнения 
610 1 |a аффинные пространства 
610 1 |a линейные пространства 
610 1 |a линейные операторы 
610 1 |a евклидово пространство 
610 1 |a ортогональность 
610 1 |a симплексы 
610 1 |a метод Крамера 
610 1 |a матричный метод 
610 1 |a метод Гаусса-Жордана 
610 1 |a линейные неравенства 
675 |a 512.64(075.8)  |v 4 
701 1 |a Задорожный  |b В. Н.  |c математик  |c доцент Томского политехнического университета, кандидат физико-математических наук  |f 1951-  |g Валерий Николаевич  |9 12749 
701 1 |a Зальмеж  |b В. Ф.  |c математик  |c доцент Томского политехнического университета, кандидат физико-математических наук  |f 1957-  |g Владимир Феликсович  |9 12750 
701 1 |a Трифонов  |b А. Ю.  |c физик, математик  |c профессор Томского политехнического университета, доктор физико-математических наук  |f 1963-2021  |g Андрей Юрьевич  |9 9310 
701 1 |a Шаповалов  |b А. В.  |c математик  |c профессор Томского политехнического университета, доктор физико-математических наук  |f 1949-  |g Александр Васильевич  |9 10790 
801 0 |a RU  |b 63413507  |c 20241116 
850 |a 63413507 
942 |c BK